000 00413cam a22001337a 4500
008 180718b1947 xxu||||| |||| 00| 0 eng d
082 _aXAx5452 M267
100 _aMadras Provincial Housing Committee
245 _aReport of the Madras provincial housing committee
260 _aMadras
_bThe author
_c1947
300 _a134+p.
500 _aChairman: L. Venkatakrishnan
700 _aVentaktakrishnan, L. (Chairman)
999 _c489939
_d489939